Rusyn'ska misija predsedy SRR u 5 krajinach

Bibliographic Details
Main Author: Zozuľák, Alexander, 1953- (Author)
Other Authors: Plišková, Anna, 1964- (Photographer), Krajňák, Peter, 1981- (Photographer)
Format: Article
Language:Ukrainian
PhysicalDescription:Fotogr.
Subjects:

MARC

LEADER 00000nab a2200000 a 4500
001 vtls008992831
003 SK-MaSNL
005 20260318121649.0
008 070525c2007 xo wr p 000 c0ukr
015 |a SNBRB2007/05 
038 |a SVKPOCL 
040 |a SVKPO  |b slo  |c SVKPO  |e AACR2 
041 0 |a ukr 
044 |a xo  |c SK 
080 |a 316.022.4(=161)(100):061.2  |2 2001 
080 |a 061.2  |2 2001 
080 |a 027.121  |2 2001 
100 1 |a Zozuľák, Alexander,  |d 1953-  |4 aut  |9 103738 
245 1 0 |a Rusyn'ska misija predsedy SRR u 5 krajinach  |c [avtor] A. Z., fotky avtora, A.P. i P. K. 
300 |b Fotogr. 
600 1 7 |a Magocsi, Paul Robert,  |d 1945-  |t Narod nizvidky  |2 svkpocl  |9 1491506 
610 2 7 |a Svetová rada Rusínov  |b Predseda (2005 : Magocsi)  |2 svkpocl  |9 1582871 
610 2 7 |a Štátna vedecká knižnica v Prešove  |2 svkpocl  |9 252340 
650 0 7 |a Rusíni  |x dejiny  |2 svkpocl  |9 20741 
650 0 7 |a pracovné návštevy  |2 svkpocl  |9 69996 
650 0 7 |a prezentácie kníh  |2 svkpocl  |9 840434 
651 7 |a Prešov (Slovensko)  |2 svkpocl  |9 17347 
651 7 |a Slovensko  |2 svkpocl  |9 14231 
651 7 |a Poľsko  |2 svkpocl  |9 16755 
651 7 |a Česko  |2 svkpocl  |9 16753 
651 7 |a Rumunsko  |2 svkpocl  |9 17409 
651 7 |a Ukrajina  |2 svkpocl  |9 168045 
700 1 |a Plišková, Anna,  |d 1964-  |4 pht  |9 109014 
700 1 |a Krajňák, Peter,  |d 1981-  |4 pht  |9 323070 
773 0 |t Narodny novynky  |g Roč. XVII, č. 5-8 (2007), s. 1 a 2 
852 |a SVKPO  |b KIS3GCP 
856 4 1 |a http://narodny-novynky.presov.sk 
958 |a RN 
958 |a SK 
999 |c 3237656  |d 3239586